| 000 | 00686nam a22001817a 4500 | ||
|---|---|---|---|
| 005 | 20251031155625.0 | ||
| 010 | _aHIN-130528 | ||
| 020 |
_a9789391546281 _c300.00 |
||
| 035 | _aHN-102874 | ||
| 037 | _bDBAD | ||
| 082 | _a821 | ||
| 100 |
_aसुंदरलाल उत्सुक _985611 |
||
| 245 |
_aलटकते सवाल / _cसुंदरलाल उत्सुक |
||
| 260 |
_aनई दिल्ली _bशब्दाकुर प्रकाशक _c2022 |
||
| 270 |
_aजे-41,मदनगीर _bनई दिल्ली _e110062 |
||
| 300 |
_a117पृ. _c22सेमी (सजिल्द ) |
||
| 942 |
_2ddc _cHN _h821 _mसुंदर |
||
| 999 |
_c213715 _d213715 |
||